000 00743nam a2200217Ii 4500
003 JO-AjNU
008 230605s9999||||xx |||||||||||||| ||und||
017 _a98/1604
020 _a977-200-243-4
040 _aJO-AjNU
_bara
_erda
_cJO-AjNU
041 _aara
050 1 4 _aLB2806.I27 1998
100 3 _aعطا،إبراهيم محمد ,
_eauthor
_934601
245 0 0 _aالإشراف العلمي والتوجيه التربوي
264 3 1 _aالقاهرة:مكتبة النهضة،1998
300 _a119ص
336 _atext
_btxt
_2rdacontent
337 _aunmediated
_bn
_2rdamedia
338 _avolume
_bnc
_2rdacarrier
650 4 _a الإشراف- التربوي التوجيه التربوي -التخطيط التربوي
_934602
999 _aA14204
_c17772
_d17772